LEADER 00703nam a2200193 i 4500 001 000000191266 003 CaOOAMICUS 005 20100722000000.0 008 100722s1929 gw u000 u ger u 013 $a169785 040 $aSeMil$bita 100 1 $aBaur, Chrysostumus .$0(OLS)http://semarc/name/9625 245 10$aAntiochien. 300 $aXL, 330 p., [1] c. di tav. 773 0 $aBaur, Chrysostumus $tHeilige Johannes Chrysostomus und seine zeit.$dMünchen : Max Hueber, 1929-1930.$gBand1$w()23525 850 $aSeMil 852 $aSeMil$W1$xVenegono$y1$m2U III 1$j141880$B141880$CSeMilBibl$Z2$F153470 $81 961 $aOmaggio: Altro 996 $6245$aAntiochien$9(OLS)http://semarc/title/275600 LEADER 01131nam a2200241 i 4500 001 000000191381 003 CaOOAMICUS 005 20221006100922.0 008 100728s1976 it u000 u ita u 040 $aSeMil$bita 245 03$aIl coro ligneo nella Basilica di San Vittore al Corpo /$cintroduzione di Enrico Cattaneo ; testo di Giorgio Lise. 264 1$aMilano :$bBanca Lombarda di Depositi e Conti Correnti,$c1976. 300 $a111 p. :$briccamente ill. ;$c35 cm. 500 $aIn custodia. 650 4$aMilano - Chiese - San Vittore al Corpo - Coro.$0(OLS)http://semarc/subject/46036 700 1 $aLise, Giorgio.$0(OLS)http://semarc/name/29700 700 1 $aCattaneo, Enrico,$c.$0(OLS)http://semarc/name/166 850 $aSeMil 852 $aSeMil$W1$xVenegono$y1$m5U VII 33$j141995$B141995$CSeMilBibl$Z2$F154125 $81 961 $aOmaggio: Cavalli mons. Attilio 996 $6245$aIl coro ligneo nella Basilica di San Vittore al Corpo$9(OLS)http://semarc/title/275752 996 $6264$aMilano :$bBanca Lombarda di Depositi e Conti Correnti$9(OLS)http://semarc/publisher/48399